[Event "Stillwater Winter op"]
[Site "Stillwater"]
[Date "2007.02.17"]
[Round "2"]
[White "Vayserberg, Tatiana"]
[Black "Krush, Irina"]
[Result "0-1"]
[WhiteElo "2037"]
[BlackElo "2449"]
[PlyCount "42"]
[EventDate "2007.02.17"]
[EventType "swiss"]
[EventRounds "7"]
[EventCountry "USA"]
[SourceTitle "CBM 116 Extra"]
[Source "ChessBase"]
[SourceDate "2007.03.07"]
[SourceVersion "1"]
[SourceVersionDate "2007.03.07"]
[SourceQuality "1"]

1. e4 c5 2. Nc3 Nc6 3. f4 e6 4. Nf3 d5 5. Bb5 Nge7 6. exd5 exd5 7. Qe2 Bg4 8. Bxc6+ bxc6 9. 0-0 g6 10. h3 Bxf3 11. Qxf3 Bg7 12. d3 0-0 13. Rb1 Nf5 14. Na4 Nd4 15. Qf2 Re8 16. c3 Re2 17. Qg3 Nf5 18. Qf3 Qe7 19. g3 Re8 20. b4 Rxa2 21. Nxc5 Bxc3 0-1

[Event "New York Marshall CC-ch 90th"]
[Site "New York"]
[Date "2006.12.10"]
[Round "8"]
[White "Chernin, Oliver"]
[Black "Vayserberg, Tatiana"]
[Result "1/2-1/2"]
[WhiteElo "2162"]
[BlackElo "2023"]
[PlyCount "28"]
[EventDate "2006.12.01"]
[EventType "swiss"]
[EventRounds "9"]
[EventCountry "USA"]
[SourceTitle "CBM 115 Extra"]
[Source "ChessBase"]
[SourceDate "2007.01.10"]
[SourceVersion "1"]
[SourceVersionDate "2007.01.10"]
[SourceQuality "1"]

1. Nf3 f5 2. d3 Nf6 3. e4 d6 4. e5 dxe5 5. Nxe5 Qd5 6. d4 Nc6 7. Nxc6 Qxc6 8. Nc3 Bd7 9. Be2 Qxg2 10. Bf3 Qh3 11. Bxb7 Rb8 12. Qf3 Qxf3 13. Bxf3 e6 14. 0-0 Bd6 1/2-1/2

[Event "New York Marshall CC-ch 90th"]
[Site "New York"]
[Date "2006.12.03"]
[Round "4"]
[White "Lamb, Terence P"]
[Black "Vayserberg, Tatiana"]
[Result "1/2-1/2"]
[WhiteElo "1646"]
[BlackElo "2085"]
[PlyCount "157"]
[EventDate "2006.12.01"]
[EventType "swiss"]
[EventRounds "9"]
[EventCountry "USA"]
[SourceTitle "CBM 115 Extra"]
[Source "ChessBase"]
[SourceDate "2007.01.10"]
[SourceVersion "1"]
[SourceVersionDate "2007.01.10"]
[SourceQuality "1"]

1. e4 e6 2. d4 d5 3. Nd2 c5 4. Ngf3 cxd4 5. Bb5+ Bd7 6. Bxd7+ Qxd7 7. Nxd4 Nc6 8. Nxc6 bxc6 9. exd5 cxd5 10. 0-0 Nf6 11. Qf3 Rc8 12. c3 Bd6 13. Nb3 Qc7 14. g3 0-0 15. Nd4 Qc4 16. Qe2 Qxe2 17. Nxe2 a5 18. f3 Bc5+ 19. Kg2 Rb8 20. Rb1 Nd7 21. Rd1 Rb7 22. b3 Rc8 23. a3 a4 24. b4 Be7 25. Be3 Ne5 26. Bc5 Bxc5 27. bxc5 Rbc7 28. Rb4 Nc4 29. Kf2 Nxa3 30. Rxa4 Nc4 31. Rda1 Rxc5 32. Ra7 Kf8 33. Rd7 R5c7 34. Rxc7 Rxc7 35. f4 g6 36. Ra6 h5 37. Nd4 Ke7 38. Ke2 Kf6 39. h3 Rb7 40. g4 hxg4 41. hxg4 Rb2+ 42. Ke1 Ne3 43. g5+ Kg7 44. Ne2 Nf5 45. Ra4 Ne3 46. Ra6 Nc4 47. Ra7 e5 48. fxe5 Nxe5 49. Nd4 Kf8 50. Ra5 Nd3+ 51. Kf1 Nf4 52. Ra8+ Kg7 53. Ra7 Rb1+ 54. Kf2 Nh3+ 55. Ke3 Nxg5 56. Rd7 Rh1 57. Rxd5 Rh3+ 58. Kf4 Ne6+ 59. Nxe6+ fxe6 60. Rd7+ Kf6 61. Rc7 g5+ 62. Kg4 Rh4+ 63. Kg3 Rh1 64. Kg2 Rc1 65. c4 Ke5 66. c5 Kf4 67. Rf7+ Kg4 68. Re7 Rc2+ 69. Kf1 Kf5 70. Rf7+ Ke5 71. Rg7 Kf6 72. Rc7 g4 73. Rc8 Ke5 74. Rg8 Kf4 75. Rf8+ Kg3 76. Re8 Rxc5 77. Rxe6 Rf5+ 78. Kg1 Ra5 79. Kf1 1/2-1/2

[Event "USA-ch"]
[Site "San Diego"]
[Date "2004.12.03"]
[Round "8"]
[White "Levina, Anna V"]
[Black "Vayserberg, Tatiana"]
[Result "0-1"]
[WhiteElo "2082"]
[BlackElo "1973"]
[PlyCount "79"]
[EventDate "2004.11.24"]
[EventType "swiss"]
[EventRounds "9"]
[EventCountry "USA"]
[SourceTitle "CBM 105"]
[Source "ChessBase"]
[SourceDate "2005.04.11"]
[SourceVersion "1"]
[SourceVersionDate "2005.04.11"]
[SourceQuality "1"]

1. e4 e6 2. d4 d5 3. Nd2 Be7 4. Bd3 c5 5. c3 Nf6 6. e5 Nfd7 7. Ngf3 Nc6 8. 0-0 g5 9. dxc5 Nxc5 10. Bb5 Bd7 11. b4 Ne4 12. Nxe4 dxe4 13. Bxc6 Bxc6 14. Nd4 Bd5 15. Be3 a6 16. Rc1 Bc4 17. Re1 Qd5 18. Qh5 h6 19. Rcd1 Bd3 20. f3 Qxa2 21. fxe4 Bxe4 22. Qg4 Bg6 23. Ne2 Qa4 24. Nd4 Qd7 25. Nb3 Qc7 26. Nc5 Rd8 27. Rxd8+ Bxd8 28. Rf1 b6 29. Nxe6 Qxc3 30. Bd4 Qc6 31. Nxd8 Kxd8 32. e6 f5 33. Qd1 Re8 34. Bxb6+ Kc8 35. Qd4 Kb7 36. Bc5 Rxe6 37. Qg7+ Qc7 38. Qd4 f4 39. b5 axb5 40. Qb4 0-1

[Event "USA-ch"]
[Site "San Diego"]
[Date "2004.11.25"]
[Round "2"]
[White "Vayserberg, Tatiana"]
[Black "Goletiani, Rusudan"]
[Result "0-1"]
[WhiteElo "1973"]
[BlackElo "2336"]
[PlyCount "88"]
[EventDate "2004.11.24"]
[EventType "swiss"]
[EventRounds "9"]
[EventCountry "USA"]
[SourceTitle "CBM 105"]
[Source "ChessBase"]
[SourceDate "2005.04.11"]
[SourceVersion "1"]
[SourceVersionDate "2005.04.11"]
[SourceQuality "1"]

1. e4 c5 2. Nc3 e6 3. f4 b6 4. Nf3 Bb7 5. d3 d5 6. e5 Be7 7. Be2 h5 8. Bd2 Nh6 9. 0-0 Nf5 10. Ng5 g6 11. Bf3 a6 12. a3 Nc6 13. Nh3 Ncd4 14. Ne2 Nxf3+ 15. Rxf3 d4 16. Rf2 Bh4 17. Ng3 Nxg3 18. hxg3 Bxg3 19. Rf1 Qh4 20. Be1 Kf8 21. Bxg3 Qxg3 22. Qe2 Kg7 23. Qf2 Qg4 24. Rae1 b5 25. Qe2 Qg3 26. Qf2 h4 27. Ng5 Qg4 28. Qe2 Qxe2 29. Rxe2 Bd5 30. Rc1 Rac8 31. b3 c4 32. dxc4 bxc4 33. b4 d3 34. Rd2 dxc2 35. Rdxc2 a5 36. b5 a4 37. Rc3 Rc5 38. Rb1 Rb8 39. b6 Rc6 40. Rb4 Rcxb6 41. Rxa4 Rb2 42. Nf3 h3 43. gxh3 Rb1+ 44. Kf2 R8b2+ 0-1

[Event "Internet Section 10B g/8'+2\""]
[Site "Dos Hermanas"]
[Date "2004.03.11"]
[Round "5"]
[White "Arias, Lemnys A"]
[Black "Vayserberg, Tatiana"]
[Result "0-1"]
[WhiteElo "2290"]
[BlackElo "1901"]
[PlyCount "44"]
[EventDate "2004.03.10"]
[EventType "swiss (blitz)"]
[EventRounds "9"]
[EventCountry "ESP"]
[SourceTitle "EXT 2005"]
[Source "ChessBase"]
[SourceDate "2004.11.15"]
[SourceVersion "1"]
[SourceVersionDate "2004.11.15"]
[SourceQuality "1"]

1. e4 d5 2. exd5 Nf6 3. d4 Bg4 4. Be2 Bxe2 5. Nxe2 Qxd5 6. 0-0 Nc6 7. Nbc3 Qf5 8. Ng3 Qg6 9. d5 0-0-0 10. Be3 e6 11. dxc6 Rxd1 12. cxb7+ Kxb7 13. Rfxd1 Bd6 14. Nb5 Bxg3 15. hxg3 a6 16. Nc3 h5 17. Rd4 Nd5 18. Nxd5 exd5 19. Rxd5 h4 20. Bf4 hxg3 21. fxg3 Qb6+ 22. Kf1 Rh1+ 0-1

[Event "Internet Section 10B g/8'+2\""]
[Site "Dos Hermanas"]
[Date "2004.03.11"]
[Round "4"]
[White "Vayserberg, Tatiana"]
[Black "Konguvel, Ponnuswamy"]
[Result "1/2-1/2"]
[WhiteElo "1901"]
[BlackElo "2347"]
[PlyCount "69"]
[EventDate "2004.03.10"]
[EventType "swiss (blitz)"]
[EventRounds "9"]
[EventCountry "ESP"]
[SourceTitle "EXT 2005"]
[Source "ChessBase"]
[SourceDate "2004.11.15"]
[SourceVersion "1"]
[SourceVersionDate "2004.11.15"]
[SourceQuality "1"]

1. e4 c5 2. Nc3 e6 3. f4 Nc6 4. Nf3 g6 5. Bb5 Bg7 6. Bxc6 dxc6 7. d3 Nf6 8. 0-0 0-0 9. Be3 b6 10. h3 Qc7 11. Qe1 Nd7 12. a4 e5 13. f5 Nf6 14. Nh4 Kh8 15. g4 gxf5 16. gxf5 Rg8 17. Kh2 Nh5 18. Ne2 Bf6 19. Qf2 Qe7 20. Nf3 Bd7 21. Rg1 a6 22. a5 Rxg1 23. Nexg1 b5 24. Ne2 c4 25. dxc4 bxc4 26. Rg1 Rg8 27. Rxg8+ Kxg8 28. Bc5 Qd8 29. Bb6 Qe7 30. Bc5 Qd8 31. Bb6 Qe7 32. Qg1+ Kh8 33. Bc5 Qd8 34. Bb6 Qe7 35. Bc5 1/2-1/2

[Event "Internet Section 11A g/8'+2\""]
[Site "Dos Hermanas"]
[Date "2004.03.10"]
[Round "4"]
[White "Dutreeuw, Marc"]
[Black "Vayserberg, Tatiana"]
[Result "0-1"]
[WhiteElo "2321"]
[BlackElo "1901"]
[PlyCount "60"]
[EventDate "2004.03.11"]
[EventType "swiss (blitz)"]
[EventRounds "9"]
[EventCountry "ESP"]
[SourceTitle "EXT 2005"]
[Source "ChessBase"]
[SourceDate "2004.11.15"]
[SourceVersion "1"]
[SourceVersionDate "2004.11.15"]
[SourceQuality "1"]

1. e4 d5 2. exd5 Nf6 3. d4 Bg4 4. f3 Bf5 5. c4 e6 6. Qb3 exd5 7. Qxb7 Nbd7 8. c5 Bxc5 9. dxc5 0-0 10. Nc3 Nxc5 11. Qc6 Re8+ 12. Kf2 Qe7 13. Bd2 Bd7 14. Qxc7 Rac8 15. Qxa7 d4 16. Re1 Qd6 17. Nb5 Bxb5 18. Bxb5 Rxe1 19. Bxe1 d3 20. Bd2 Qd4+ 21. Kf1 Qxb2 22. Qa5 Qb1+ 23. Kf2 Qd1 24. a4 Nb3 25. Qb4 Nxd2 26. h4 h6 27. Kg3 Nf1+ 28. Kh3 d2 29. Ne2 Qe1 30. Nc3 Qg3# 0-1

[Event "Internet Section 09B g/8'+2\""]
[Site "Dos Hermanas"]
[Date "2004.03.09"]
[Round "2"]
[White "Leon Hoyos, Manuel"]
[Black "Vayserberg, Tatiana"]
[Result "1-0"]
[WhiteElo "2303"]
[BlackElo "1901"]
[PlyCount "89"]
[EventDate "2004.03.09"]
[EventType "swiss (blitz)"]
[EventRounds "9"]
[EventCountry "ESP"]
[SourceTitle "CBM 099 Extra"]
[Source "ChessBase"]
[SourceDate "2004.05.04"]
[SourceVersion "1"]
[SourceVersionDate "2004.05.04"]
[SourceQuality "1"]

1. e4 d5 2. exd5 Nf6 3. Bb5+ Bd7 4. Be2 Bf5 5. d4 Qxd5 6. Nf3 Nc6 7. Nc3 Qd7 8. d5 Nb4 9. Nd4 0-0-0 10. Bf3 Nfxd5 11. Nxd5 Nxd5 12. Nxf5 Qb5 13. Qd3 Qb4+ 14. Bd2 Qxb2 15. 0-0 e6 16. Rfb1 Qf6 17. Ne3 Nb6 18. Qc3 Qxc3 19. Bxc3 f6 20. a4 c6 21. a5 Nd5 22. Nxd5 exd5 23. Bd4 c5 24. Be3 Bd6 25. Bxd5 Bxh2+ 26. Kxh2 Rxd5 27. Rb5 Rhd8 28. Rxc5+ Rxc5 29. Bxc5 Rd2 30. Bxa7 Rxc2 31. Bb6 Kd7 32. Rd1+ Ke6 33. Rd8 h5 34. Rb8 g5 35. Rxb7 Ra2 36. Ra7 Kf5 37. a6 h4 38. Ra8 g4 39. a7 Kf4 40. Rf8 g3+ 41. fxg3+ hxg3+ 42. Kh3 Ra1 43. Rxf6+ Kg5 44. Rf8 Rh1+ 45. Kxg3 1-0

[Event "Internet Section 09A g/8'+2\""]
[Site "Dos Hermanas"]
[Date "2004.03.09"]
[Round "6"]
[White "Vayserberg, Tatiana"]
[Black "Issakainen, Ari"]
[Result "1-0"]
[WhiteElo "1905"]
[BlackElo "2216"]
[PlyCount "93"]
[EventDate "2004.03.09"]
[EventType "swiss (blitz)"]
[EventRounds "9"]
[EventCountry "ESP"]
[SourceTitle "CBM 099 Extra"]
[Source "ChessBase"]
[SourceDate "2004.05.04"]
[SourceVersion "1"]
[SourceVersionDate "2004.05.04"]
[SourceQuality "1"]

1. e4 c5 2. Nc3 Nc6 3. f4 e6 4. Nf3 a6 5. d3 d5 6. g3 Nf6 7. e5 Nd7 8. Bg2 Be7 9. 0-0 b5 10. h3 0-0 11. Qe1 Bb7 12. Ne2 f6 13. exf6 Bxf6 14. c3 e5 15. Be3 Qc7 16. Qd2 Rad8 17. f5 e4 18. Ng5 Bxg5 19. Bxg5 Nf6 20. Nf4 Bc8 21. g4 exd3 22. Bxf6 gxf6 23. Nxd5 Qg3 24. Nf4 Ne5 25. Rae1 Bb7 26. Re3 Qh4 27. Bxb7 Nc4 28. Qf2 Qxf2+ 29. Kxf2 d2 30. Bd5+ Rxd5 31. Nxd5 Nxb2 32. Re6 Rd8 33. Nxf6+ Kf7 34. Nxh7 d1Q 35. Rxd1 Nxd1+ 36. Kg3 Rd3+ 37. Kf4 Nxc3 38. Rxa6 Nd5+ 39. Kg5 Rxh3 40. Ra7+ Ke8 41. Nf6+ Nxf6 42. Kxf6 Rh6+ 43. Kg7 Rc6 44. f6 Rxf6 45. Kxf6 c4 46. Rb7 c3 47. Rxb5 1-0

[Event "Internet Section 09A g/8'+2\""]
[Site "Dos Hermanas"]
[Date "2004.03.09"]
[Round "2"]
[White "Vayserberg, Tatiana"]
[Black "Slaby, Jerzy"]
[Result "0-1"]
[WhiteElo "1905"]
[BlackElo "2393"]
[PlyCount "98"]
[EventDate "2004.03.09"]
[EventType "swiss (blitz)"]
[EventRounds "9"]
[EventCountry "ESP"]
[SourceTitle "CBM 099 Extra"]
[Source "ChessBase"]
[SourceDate "2004.05.04"]
[SourceVersion "1"]
[SourceVersionDate "2004.05.04"]
[SourceQuality "1"]

1. e4 c5 2. Nc3 g6 3. f4 Bg7 4. Nf3 Nc6 5. Bb5 Nd4 6. 0-0 a6 7. Bd3 d6 8. Ne2 Nxf3+ 9. Rxf3 Nf6 10. c3 0-0 11. Bc2 c4 12. h3 b5 13. d4 cxd3 14. Qxd3 Bb7 15. Qe3 e5 16. f5 d5 17. fxg6 hxg6 18. Ng3 dxe4 19. Nxe4 Nd5 20. Qf2 f5 21. Ng5 Qe7 22. Bb3 e4 23. Rg3 Bh6 24. Qb6 Rf6 25. Qd4 Rd8 26. h4 Kg7 27. Bxd5 Rxd5 28. Qa7 Rd7 29. Qb8 Qd6 30. Qxd6 Rfxd6 31. Be3 Rd1+ 32. Rxd1 Rxd1+ 33. Kf2 Rb1 34. Ne6+ Kf6 35. Bxh6 Rxb2+ 36. Ke3 Kxe6 37. Rxg6+ Kd5 38. a3 Rc2 39. Bg7 Rc1 40. h5 Re1+ 41. Kf2 Rh1 42. h6 f4 43. Rf6 e3+ 44. Ke2 Ke4 45. Re6+ Kf5 46. Rf6+ Kg5 47. g3 fxg3 48. Re6 g2 49. Re5+ Kf4 0-1

[Event "Internet Section 06B g/8'+2\""]
[Site "Dos Hermanas"]
[Date "2004.03.06"]
[Round "6"]
[White "ElectricEel, BJ."]
[Black "Vayserberg, Tatiana"]
[Result "0-1"]
[WhiteElo "1748"]
[BlackElo "1901"]
[PlyCount "120"]
[EventDate "2004.03.06"]
[EventType "swiss (blitz)"]
[EventRounds "9"]
[EventCountry "ESP"]
[SourceTitle "CBM 099 Extra"]
[Source "ChessBase"]
[SourceDate "2004.05.04"]
[SourceVersion "1"]
[SourceVersionDate "2004.05.04"]
[SourceQuality "1"]

1. f4 b6 2. Nf3 Bb7 3. e3 e6 4. b3 d5 5. Bb2 c5 6. Bd3 Nf6 7. 0-0 Be7 8. a3 Nbd7 9. Nc3 Rc8 10. Qe1 c4 11. Be2 cxb3 12. cxb3 Nc5 13. b4 Nce4 14. Ne5 0-0 15. d4 Nxc3 16. Bxc3 Ne4 17. Rc1 f6 18. Nf3 Qd7 19. Bd3 Nxc3 20. Rxc3 Rxc3 21. Qxc3 Rc8 22. Qb2 Qa4 23. Rc1 Rxc1+ 24. Qxc1 Qc6 25. Qb1 g6 26. b5 Qc3 27. a4 Ba3 28. Kf2 Qb2+ 29. Qxb2 Bxb2 30. Nd2 e5 31. fxe5 fxe5 32. Nb3 Kf7 33. Kg3 Kf6 34. Bc2 Bc8 35. Kf3 Bf5 36. Bxf5 gxf5 37. g3 h5 38. h4 Bc3 39. Ke2 Ke6 40. Kf3 Bb2 41. Ke2 f4 42. gxf4 exf4 43. exf4 Kf5 44. Kf3 Bc3 45. Kg3 Ke4 46. Kf2 Kxf4 47. Kg2 Kg4 48. Nc1 Bxd4 49. Ne2 Be5 50. Nc1 Kxh4 51. Nd3 Bd6 52. Nf2 Kg5 53. Nd3 Kf5 54. Kf3 h4 55. Nf2 d4 56. Nd3 h3 57. Nf2 h2 58. Kg2 Ke6 59. Nd3 Kd5 60. Nb2 Ke4 0-1

[Event "Internet Section 06A g/8'+2\""]
[Site "Dos Hermanas"]
[Date "2004.03.06"]
[Round "3"]
[White "Oskolkov, Evgeny"]
[Black "Vayserberg, Tatiana"]
[Result "1-0"]
[WhiteElo "2129"]
[BlackElo "1901"]
[PlyCount "87"]
[EventDate "2004.03.06"]
[EventType "swiss (blitz)"]
[EventRounds "9"]
[EventCountry "ESP"]
[SourceTitle "CBM 099 Extra"]
[Source "ChessBase"]
[SourceDate "2004.05.04"]
[SourceVersion "1"]
[SourceVersionDate "2004.05.04"]
[SourceQuality "1"]

1. e4 d5 2. exd5 Nf6 3. Nc3 Nxd5 4. Bc4 Nb6 5. Bb3 Nc6 6. Nf3 Bf5 7. d4 e6 8. 0-0 Be7 9. h3 0-0 10. a3 Bf6 11. Be3 Qd7 12. Qe2 Nd5 13. Rad1 h6 14. Nxd5 exd5 15. Ne5 Bxe5 16. dxe5 Be6 17. f4 d4 18. Ba4 a6 19. Bxc6 Qxc6 20. Rxd4 Rad8 21. Rfd1 Rxd4 22. Rxd4 b5 23. g4 Bd5 24. f5 Re8 25. Qd2 Bh1 26. Bf4 Qf3 27. Rd3 Qc6 28. Rd7 Qf3 29. e6 fxe6 30. Be5 Qe4 31. Rxg7+ Kf8 32. Bc3 exf5 33. Rh7 f4 34. Rh8+ Kf7 35. Rxh6 f3 36. Qd7+ Re7 37. Rf6+ Kg8 38. Qd8+ Re8 39. Qd2 f2+ 40. Qxf2 Rd8 41. Kh2 Rd1 42. Rf8+ Kh7 43. Rh8+ Kg6 44. Qf6# 1-0

[Event "Internet Section 06A g/8'+2\""]
[Site "Dos Hermanas"]
[Date "2004.03.06"]
[Round "4"]
[White "Vayserberg, Tatiana"]
[Black "Arroyo Torres, Roberto Carlos"]
[Result "1/2-1/2"]
[WhiteElo "1901"]
[BlackElo "1860"]
[PlyCount "135"]
[EventDate "2004.03.06"]
[EventType "swiss (blitz)"]
[EventRounds "9"]
[EventCountry "ESP"]
[SourceTitle "CBM 099 Extra"]
[Source "ChessBase"]
[SourceDate "2004.05.04"]
[SourceVersion "1"]
[SourceVersionDate "2004.05.04"]
[SourceQuality "1"]

1. e4 d5 2. exd5 Qxd5 3. Nc3 Qa5 4. d4 Nf6 5. Bd2 c6 6. Ne4 Qc7 7. Nxf6+ exf6 8. Bc4 Bd6 9. Qe2+ Qe7 10. 0-0-0 Qxe2 11. Nxe2 Bf5 12. Ng3 Bxg3 13. hxg3 0-0 14. Rde1 Nd7 15. f3 Rfe8 16. g4 Bg6 17. f4 h6 18. f5 Bh7 19. Rxe8+ Rxe8 20. Bd3 Nb6 21. c4 Nc8 22. Re1 Rxe1+ 23. Bxe1 Kf8 24. c5 Ne7 25. Bg3 Nd5 26. Kd2 g6 27. Bd6+ Kg7 28. a3 gxf5 29. gxf5 h5 30. b4 Kh6 31. Be4 Kg5 32. Bxd5 cxd5 33. b5 Bxf5 34. c6 bxc6 35. bxc6 Bc8 36. Kc3 Kf5 37. Kb4 Ke4 38. Kc5 f5 39. Be5 f4 40. Kd6 h4 41. Kc7 Be6 42. Kb7 a5 43. c7 f3 44. gxf3+ Kxf3 45. c8Q Bxc8+ 46. Kxc8 f5 47. Bh2 Kg2 48. Bf4 Kf3 49. Bh2 Ke4 50. Kb7 Kxd4 51. Kb6 a4 52. Kb5 Ke3 53. Kxa4 Kf2 54. Kb4 Kg2 55. Be5 h3 56. a4 h2 57. Bxh2 Kxh2 58. a5 f4 59. a6 f3 60. a7 f2 61. a8Q f1Q 62. Qxd5 Qf4+ 63. Kc5 Qf8+ 64. Kc4 Qc8+ 65. Kd3 Qh3+ 66. Kd4 Qg4+ 67. Qe4 Qxe4+ 68. Kxe4 1/2-1/2

[Event "Washington Eastern op"]
[Site "Washington DC"]
[Date "2003.12.29"]
[Round "8"]
[White "Lu, Yu Zhong"]
[Black "Vayserberg, Tatiana"]
[Result "1-0"]
[WhiteElo "2043"]
[BlackElo "1901"]
[PlyCount "65"]
[EventDate "2003.12.26"]
[EventType "swiss"]
[EventRounds "8"]
[EventCountry "USA"]
[SourceTitle "CBM 097 Extra"]
[Source "ChessBase"]
[SourceDate "2004.01.13"]
[SourceVersion "1"]
[SourceVersionDate "2004.01.13"]
[SourceQuality "1"]

1. d4 f5 2. c4 d6 3. Nf3 Nf6 4. Nc3 g6 5. g3 Bg7 6. Bg2 0-0 7. Qb3 Kh8 8. Bf4 Qe8 9. h4 Nh5 10. Nd5 Na6 11. Qe3 e6 12. Nc3 Nb4 13. 0-0-0 a6 14. Bh6 Nc6 15. Bxg7+ Kxg7 16. Ng5 h6 17. Nh3 e5 18. Nd5 Qf7 19. dxe5 dxe5 20. f4 e4 21. Qc3+ Kh7 22. Ng5+ hxg5 23. hxg5 Qg7 24. Nf6+ Rxf6 25. gxf6 Qf7 26. g4 fxg4 27. Bxe4 Kh6 28. f5 Bxf5 29. Qe3+ g5 30. Bxf5 Qxc4+ 31. Kb1 Qf4 32. Rxh5+ Kxh5 33. Rh1+ 1-0